000
00204 a2200097 4500
001
45522
100
_a
Austen, J
245
_a
Pride and prejudice
260
_a
London
_b
Collins
_c
090
_c
28684
_d
28684
942
_a
NUST-CAE
_c
M
_c
20762
999
_c
280595
_d
280595